000 00309nam a22001337a 4500
008 160507b xxu||||| |||| 00| 0 eng d
020 _a9780321598202
020 _a9780321598202
020 _a0321598202
041 _aeng
080 _a573
245 _aBiological science:
_cScott Freeman;
942 _2udc
_cBK
999 _c1901
_d1901